000
00259nam a22001097a 4500
008
170125b xxu||||| |||| 00| 0 eng d
020
_a
9781437716429
041
_a
eng
080
_a
61
245
_a
2011 STEP-BY-STEP MEDICAL CODING
_c
BUCK, C.J
942
_2
udc
_c
BK
999
_c
3665
_d
3665